000 01862nam a2200517 c 4500
999 _c50720
_d50720
001 50720
003 ES-MaCES
005 20250526142656.0
007 cr |||||||||||
008 180518s2018 sp ||| ||spa d
017 _aNA 729-2018
_bDL
020 _a9788490991671
020 _a9788490991695 (electrónico)
040 _aES-MaCES
_bspa
_cES-MaCES
100 1 _916212
_aLarios Risco, David
245 1 3 _aEl esquirolaje tecnológico
_cRodrigo Tascón López ; pr., Juan José Fernández Domínguez
250 _a1ª ed
260 _aCizur Menor (Navarra)
_bThomson Reuters-Aranzadi
_c2018
300 _a156 p.
_c24 cm
490 1 _aMonografías Aranzadi
_v957. Aranzadi Derecho laboral
500 _aDisponible en formato electrónico mediante la aplicación PROVIEW
504 _aBibliografía: p. 139-156
541 _cCompra
650 4 _aderecho de huelga
_929350
650 4 _aderechos de los trabajadores
_929924
650 4 _asindicato
_928377
650 4 _apoder empresarial
_930600
650 4 _aconflicto de trabajo
_928367
650 4 _anuevas tecnologías
_930788
650 4 _acambio tecnológico
_928236
650 4 _aautomatización
_928248
650 4 _aproductividad
_928259
650 4 _aderecho del trabajo
_927165
650 4 _aderecho jurisprudencial
_929863
650 4 _aEspaña
_926964
650 4 _arégimen jurídico
_929894
653 1 0 _aDerecho del trabajo y Seguridad Social
700 1 _924708
_aTascón López, Rodrigo
700 1 _911833
_aFernández Domínguez, Juan José
700 1 _938236
_aLomas Hernández, Vicente
_epr.
830 0 _aMonografías Aranzadi
_v957
_932673
830 0 _aMonografías Aranzadi
_pDerecho laboral
_933164
856 4 _uhttps://legalteca.aranzadilaley.es/my-library?sponsor=82111144-IP
_yLegalteca
902 _aLIB Libro
942 _2CES
_cBK
_h6.0.1.